Schaum’s outlines electric circuits (Record no. 12583)

000 -LEADER
fixed length control field 00651nam a22001817a 4500
020 ## - INTERNATIONAL STANDARD BOOK NUMBER
International Standard Book Number 9780070151437
082 ## - DEWEY DECIMAL CLASSIFICATION NUMBER
Classification number 621.3815 NAH
100 ## - MAIN ENTRY--PERSONAL NAME
Personal name Nahvi, Mahmood.
245 ## - TITLE STATEMENT
Title Schaum’s outlines electric circuits
250 ## - EDITION STATEMENT
Edition statement 5th ed.
260 ## - PUBLICATION, DISTRIBUTION, ETC.
Place of publication, distribution, etc. New Delhi, India
Name of publisher, distributor, etc. McGraw Hill
Date of publication, distribution, etc. 2003
300 ## - PHYSICAL DESCRIPTION
Extent xi, Various p.
Other physical details ill. ;
490 ## - SERIES STATEMENT
Series statement Schaum’s outline series
500 ## - GENERAL NOTE
General note Edminister’s name appears first on the earlier ed. Previous ed. published: Schaum’s outline of theory and problems of electric circuits. New York : McGraw-Hill, c2003. Includes index.
650 ## - SUBJECT ADDED ENTRY--TOPICAL TERM
Topical term or geographic name entry element Electric circuits.
700 ## - ADDED ENTRY--PERSONAL NAME
Personal name Edminister, Joseph.
942 ## - ADDED ENTRY ELEMENTS (KOHA)
Koha item type Book
Holdings
Withdrawn status Lost status Damaged status Not for loan Collection code Permanent Location Current Location Shelving location Date acquired Source of acquisition Cost, normal purchase price Total Checkouts Total Renewals Full call number Barcode Date last seen Date last checked out Price effective from Koha item type
          Central Library (CL) Central Library (CL) General Stacks 12/27/2013 Allied Book Company 655.31 4 3 621.3815 NAH SEECS013113 11/01/2024 10/25/2024 01/08/2014 Book
© 2023 Central Library, National University of Sciences and Technology. All Rights Reserved.